00850nam a2200241 i 4500001001000000003000900010005001700019007000300036008004100039040003000080041000800110082002000118100004900138245011400187264007000301300004500371336002800416337003400444338003100478500002100509504003900530700003900569000002956DO-SdBNP20260414105644.0ta090706s2000 dr a 001 0 spa d aDO-SdBNPbspacBNPHUerda aspa 4axxxxbV476p222 aVeras Aybar, Ángel R.,d1955-eautor4aut.13aEl principio de no intervención y la globalización /cÁngel R. Veras Aybar ; prólogo, Manuel Salazar. aSanto Domingo, República Dominicana :bMediabyte, S. A.,c2000. a198 páginas :bilustraciones ;c21 cm. atextobtxt2rdacontent  asin mediaciónbn2rdamedia  avolumen bnc2rdacarrier  aIncluye índice aBibliografías: páginas 194-1981 aSalazar, Manuel,eprologuista4pr.